Primitive Revelation. (Record no. 10742)

MARC details
000 -LEADER
fixed length control field 00559nam a2200229 a 4500
020 ## - INTERNATIONAL STANDARD BOOK NUMBER
ISBN
082 00 - DEWEY DECIMAL CLASSIFICATION NUMBER
Classification number 291.042
Author Cutter SCH
100 ## - MAIN ENTRY--AUTHOR NAME
Author name Schmidt, Wilhelm
245 ## - TITLE STATEMENT
Title Primitive Revelation.
260 ## - PUBLICATION, DISTRIBUTION, ETC. (IMPRINT)
Place of publication London
Name of publisher B. Herder Book Company
Year of publication 1939
300 ## - PHYSICAL DESCRIPTION
Number of Pages 309p
500 ## - GENERAL NOTE
General note includes index and biblioraphy
505 2# - FORMATTED CONTENTS NOTE
Formatted contents note Index
650 ## - SUBJECT ADDED ENTRY--TOPICAL TERM
Topical Term Comparative Religion-Primitive
942 ## - ADDED ENTRY ELEMENTS (KOHA)
Koha item type Books
Holdings
Collection code Home library Current library Date acquired Cost, normal purchase price Full call number Accession Number Koha item type
  Henry Martyn Institute Library Henry Martyn Institute Library 07/20/2007 437.00 291.042 SCH 015090 Books
                   Copyright © 2026 | Henry Martyn Institute | Hyderabad | TS-500052 | INDIA | Implemented by hmi.edu.in
Hit-Count:

Powered by Koha